000
00243nam a22000857a 4500
008
160805b xxu||||| |||| 00| 0 eng d
100
_9
35
_a
Sharma N.K
245
_a
Comprehensive CCE question bank in Science-X
260
_a
Bangalore
_b
Laxmi Publication
999
_c
2686
_d
2686